000 00611nam a2200241Ia 4500
003 OSt
005 20220924124823.0
006 a|||||r|||| 00| 0
007 ta
008 220923b |||||||| |||| 00| 0 san d
024 _a33850
037 _cTextual
040 _aARTS
_cARTS
_bsan
041 _2san
_asan
082 _aO15,2D35,17, 111L6
100 _aBhasa
245 0 _aKarnbharam
260 _aPalghat
_bR S V India
_c1976
300 _axxix, 68p.
_ccm.
650 _aSANSKRIT LITERATURE
942 _hO15,2D35,17, 111L6
_cTEXL
_2CC
999 _c421107
_d421107